| 000 | 00948nac a22002411u 4500 | ||
|---|---|---|---|
| 010 | _a94011372 | ||
| 020 | _a0028018001 | ||
| 082 | 0 | 0 |
_a604.2 _bJ545 |
| 090 |
_c772 _d772 |
||
| 100 | _aJensen, Cecil Howard, | ||
| 245 | 1 | 0 |
_aFundamentals of engineering drawing and design / _cCecil Jensen, Jay D. Helsel. |
| 250 | _a4th ed. | ||
| 260 |
_aNew York, N.Y. : _bGlencoe/McGraw-Hill, _cc1996. |
||
| 300 |
_axix, 480, [75] p. : _bill. (some col.) ; _c28 cm. |
||
| 500 | _aIncludes index. | ||
| 650 | 0 | _aMechanical drawing. | |
| 650 | 0 | _aEngineering design. | |
| 700 | 1 | _aHelsel, Jay D. | |
| 856 | 4 | 2 |
_3Publisher description _uhttp://www.loc.gov/catdir/description/mh051/94011372.html |
| 856 | 4 | 2 |
_3Table of contents _uhttp://www.loc.gov/catdir/toc/mh041/94011372.html |
| 942 |
_cBB _k604.2J545 |
||
| 999 |
_c772 _d772 |
||